00231nam a22000977a 4500999001900000082002000019100003000039245002500069260003000094300000900124 c519844d519844 aTNC A6x5444 D28 aDeshpande, Anirudh931070 aThe stigma of defeat aNew DelhibNehru Memorial a44p.